L'Oferiment de beques i ajuts a l'estudi a Catalunya : Un primer inventari / [recull de la Comissió de Beques i Ajudes a l'Estudi] Un primer inventari / [recull de la Comissió de Beques i Ajudes a l'Estudi]
Descripción Física:
101 p. ; 23 cm
Materias:
Beques -- Catalunya
MARC
| LEADER | 00000nam a2200000Ia 4500 | ||
|---|---|---|---|
| 001 | 1132 | ||
| 008 | 160829s1982 xx 000 0 cat d | ||
| 080 | |a E-1-87 | ||
| 245 | |a L'Oferiment de beques i ajuts a l'estudi a Catalunya : |b Un primer inventari / [recull de la Comissió de Beques i Ajudes a l'Estudi] | ||
| 260 | |a Barcelona : |b Generalitat de Catalunya. Departament d'Ensenyament, |c 1982 | ||
| 300 | |a 101 p. ; |c 23 cm | ||
| 650 | |a Beques |x Catalunya |9 22034 | ||
| 710 | |a Catalunya. |b Departament d'Ensenyament |9 52899 | ||
| 901 | |a Arxiu | ||
| 942 | |n 1 | ||
| 952 | |0 0 |1 0 |4 0 |6 E187 |7 1 |9 42014 |a Arxiu |b Arxiu |d 2016-12-01 |l 0 |o E-1-87 |p 1132 |r 2016-12-01 00:00:00 |w 2016-12-01 |y ARXIU | ||
| 999 | |c 44461 |d 44461 | ||